Fundamentals of accounting (Record no. 30262)

MARC details
000 -LEADER
fixed length control field 00442nam a2200181Ia 4500
020 ## - INTERNATIONAL STANDARD BOOK NUMBER
ISBN 9789789602599
050 ## - CALL MARK
Classification number HF 5635 .O35/
100 ## - STATEMENT OF RESPONSIBILITY--MAIN AUTHOR NAME
Personal name Ofili, Ugwudioha M.
245 #0 - TITLE STATEMENT
Title Fundamentals of accounting
260 ## - PUBLICATION, DISTRIBUTION, ETC. (IMPRINT)
Place of publication Nigeria
260 ## - PUBLICATION, DISTRIBUTION, ETC. (IMPRINT)
Name of publisher M. O. Press & Publishers Ltd.
260 ## - PUBLICATION, DISTRIBUTION, ETC. (IMPRINT)
Year of publication 2017
300 ## - PHYSICAL DESCRIPTION
Number of Pages 306 p
650 ## - SUBJECT ADDED ENTRY--TOPICAL TERM
Topical Term Accounting
942 ## - ADDED ENTRY ELEMENTS (KOHA)
Koha item type Books
Holdings
Withdrawn status Lost status Source of classification or shelving scheme Damaged status Not for loan Permanent Location Current Location Shelving location Date acquired Accession Number Price effective from Koha item type Full call number
    Library of Congress Classification     NILE UNIVERSITY OF NIGERIA - MAIN LIBRARY NILE UNIVERSITY OF NIGERIA - MAIN LIBRARY Items on shelf 04/23/2025 0186565 04/23/2025 Books  
    Library of Congress Classification     NILE UNIVERSITY OF NIGERIA - MAIN LIBRARY NILE UNIVERSITY OF NIGERIA - MAIN LIBRARY   10/24/2025 0186568 10/24/2025 Books HF 5635 .O35 2017